<?xml version="1.0" encoding="UTF-8"?>
<record
    xmlns:xsi="http://www.w3.org/2001/XMLSchema-instance"
    xsi:schemaLocation="http://www.loc.gov/MARC21/slim http://www.loc.gov/standards/marcxml/schema/MARC21slim.xsd"
    xmlns="http://www.loc.gov/MARC21/slim">

  <leader>03099nam a22002894a 4500</leader>
  <controlfield tag="003">BOLpUSFA</controlfield>
  <controlfield tag="005">20260407143853.0</controlfield>
  <controlfield tag="008">      t        bo     grm    001 | spa||</controlfield>
  <datafield tag="040" ind1=" " ind2=" ">
    <subfield code="a">BOLpUSFA</subfield>
  </datafield>
  <datafield tag="041" ind1=" " ind2=" ">
    <subfield code="a">spa</subfield>
  </datafield>
  <datafield tag="044" ind1=" " ind2=" ">
    <subfield code="a">BO</subfield>
  </datafield>
  <datafield tag="082" ind1=" " ind2=" ">
    <subfield code="a">ICO0045</subfield>
    <subfield code="b">M679aPG</subfield>
  </datafield>
  <datafield tag="100" ind1=" " ind2=" ">
    <subfield code="a">Mita Espinoza, Wendy Vanessa</subfield>
  </datafield>
  <datafield tag="245" ind1=" " ind2=" ">
    <subfield code="a">An&#xE1;lisis de factibilidad para la creaci&#xF3;n de una Microempresa que se dedique a la elaboraci&#xF3;n y comercializaci&#xF3;n de helados naturales en el Distrito 3 de la ciudad de El Alto</subfield>
  </datafield>
  <datafield tag="260" ind1=" " ind2=" ">
    <subfield code="a">El Alto: </subfield>
    <subfield code="b">Universidad Privada San Francisco de As&#xED;s. Carrera de Ingenier&#xED;a Comercial, </subfield>
    <subfield code="c">2025</subfield>
  </datafield>
  <datafield tag="300" ind1=" " ind2=" ">
    <subfield code="a">174 p.</subfield>
  </datafield>
  <datafield tag="502" ind1=" " ind2=" ">
    <subfield code="a">Modalidad: Proyecto de Grado - 
Tutor: Ing. Carlos Villarroel Prieto</subfield>
  </datafield>
  <datafield tag="520" ind1=" " ind2=" ">
    <subfield code="a">En Bolivia, el consumo de helado creci&#xF3; un 7,5% en el &#xFA;ltimo a&#xF1;o, aunque 
persiste  una  baja  ingesta  de  frutas  y  verduras.  Esto  abre  la  oportunidad  de 
desarrollar helados naturales a base de frutas y verduras, combinando sabor y valor 
nutritivo, diferenci&#xE1;ndose de la competencia. 

La  investigaci&#xF3;n  emple&#xF3;  un  enfoque  mixto  (cuantitativo  y  cualitativo),  con 
dise&#xF1;o  no  experimental  transeccional  y  tipo  descriptivo,  permitiendo  medir 
tendencias, describir fen&#xF3;menos y analizar factores clave. El estudio se realiz&#xF3; en 
el Distrito 3 de El Alto, espec&#xED;ficamente en Villa Adela, dirigido a poblaci&#xF3;n de 18 a 
55  a&#xF1;os,  durante  seis  meses  en  2025.  La  poblaci&#xF3;n  objetivo  asciende  a  25.760 
personas,  y  la  muestra  representativa  fue  de  379  encuestados,  con  un  nivel  de 
confianza del 95% y margen de error del 5%. 

Los resultados evidencian un alto potencial de mercado, especialmente entre 
j&#xF3;venes  adultos  de  18  a  30  a&#xF1;os.  Los  consumidores  valoran  sabores  intensos  y 
naturales,  texturas  cremosas  y  presentaciones  pr&#xE1;cticas,  destacando  vasos  y 
paletas. Existe preferencia por productos artesanales, naturales y sostenibles, con 
empaques biodegradables y reutilizables, mostrando apertura a la innovaci&#xF3;n con 
frutas y verduras en los helados. 

El  delivery  se  considera  un  canal  clave,  preferentemente  a  trav&#xE9;s  de 
WhatsApp,  y  los  espacios  acondicionados  para  consumo  in  situ  favorecen  la 
fidelizaci&#xF3;n.  Los  factores  decisivos  en  la  elecci&#xF3;n  son  sabor,  precio,  calidad  de 
ingredientes y textura, con disposici&#xF3;n a pagar entre 5 y 10 bolivianos por producto, 
y 3 a 5 adicionales por delivery. Redes sociales, boca a boca y ferias locales son 
los principales medios de informaci&#xF3;n sobre nuevos productos. 

En conclusi&#xF3;n, el mercado local es favorable para el lanzamiento de Frutiver, 
orientando  estrategias  de  productos  innovadores,  empaques  sostenibles, 
promoci&#xF3;n  digital  y  servicios  de  delivery  para  mejorar  competitividad  y 
posicionamiento. 
</subfield>
  </datafield>
  <datafield tag="650" ind1=" " ind2=" ">
    <subfield code="a">Ingenier&#xED;a Comercial</subfield>
  </datafield>
  <datafield tag="650" ind1=" " ind2=" ">
    <subfield code="a">Proyecto de Grado</subfield>
  </datafield>
  <datafield tag="650" ind1=" " ind2=" ">
    <subfield code="a">An&#xE1;lisis de factibilidad</subfield>
  </datafield>
  <datafield tag="650" ind1=" " ind2=" ">
    <subfield code="a">Helader&#xED;as</subfield>
  </datafield>
  <datafield tag="650" ind1=" " ind2=" ">
    <subfield code="a">Frutas</subfield>
  </datafield>
  <datafield tag="650" ind1=" " ind2=" ">
    <subfield code="a">Verduras</subfield>
  </datafield>
  <datafield tag="651" ind1=" " ind2=" ">
    <subfield code="a">El Alto</subfield>
  </datafield>
  <datafield tag="942" ind1=" " ind2=" ">
    <subfield code="2">ddc</subfield>
    <subfield code="c">TE</subfield>
    <subfield code="z">LLO</subfield>
  </datafield>
  <datafield tag="999" ind1=" " ind2=" ">
    <subfield code="c">9681</subfield>
    <subfield code="d">9681</subfield>
  </datafield>
  <datafield tag="952" ind1=" " ind2=" ">
    <subfield code="0">0</subfield>
    <subfield code="1">0</subfield>
    <subfield code="2">ddc</subfield>
    <subfield code="4">0</subfield>
    <subfield code="7">0</subfield>
    <subfield code="8">2</subfield>
    <subfield code="a">BEA</subfield>
    <subfield code="b">BEA</subfield>
    <subfield code="c">3</subfield>
    <subfield code="d">2026-03-25</subfield>
    <subfield code="e">4</subfield>
    <subfield code="l">0</subfield>
    <subfield code="o">ICO0045 M679aPG</subfield>
    <subfield code="p">BEA01529</subfield>
    <subfield code="r">2026-03-25</subfield>
    <subfield code="w">2026-03-25</subfield>
    <subfield code="y">TE</subfield>
  </datafield>
</record>
